Invention of international order: (Record no. 1309377)

MARC details
000 -LEADER
fixed length control field 00782nam a22002417a 4500
005 - DATE AND TIME OF LATEST TRANSACTION
control field 20250425112938.0
008 - FIXED-LENGTH DATA ELEMENTS--GENERAL INFORMATION
fixed length control field 250425b |||||||| |||| 00| 0 eng d
020 ## - INTERNATIONAL STANDARD BOOK NUMBER
International Standard Book Number 978-0-691-20821-3 (hbk)
037 ## - SOURCE OF ACQUISITION
Terms of availability TB
040 ## - CATALOGING SOURCE
Original cataloging agency CRL
Transcribing agency CRL
041 ## - LANGUAGE CODE
Source of code eng
Language code of text/sound track or separate title eng
084 ## - COLON CLASSIFICATION NUMBER
Classification number V5:19.M R3
Assigning agency CRL
100 ## - MAIN ENTRY--PERSONAL NAME
Personal name Sluga, Glenda
9 (RLIN) 752978
245 ## - TITLE STATEMENT
Title Invention of international order:
Remainder of title Remaking Europe after napoleon
260 ## - PUBLICATION, DISTRIBUTION, ETC.
Place of publication, distribution, etc. Princeton, USA:
Name of publisher, distributor, etc. Princeton University Press,
Date of publication, distribution, etc. 2021.
300 ## - PHYSICAL DESCRIPTION
Extent xvi, 369p.
365 ## - TRADE PRICE
Price amount 37.00
Currency code USD
650 ## - SUBJECT ADDED ENTRY--TOPICAL TERM
Source of heading or term Europe Foreign Relation
650 ## - SUBJECT ADDED ENTRY--TOPICAL TERM
Source of heading or term History
650 ## - SUBJECT ADDED ENTRY--TOPICAL TERM
Source of heading or term Europe History
942 ## - ADDED ENTRY ELEMENTS (KOHA)
Source of classification or shelving scheme Colon Classification (CC)
Koha item type Textbook
Classification part V5:19.M R3
Suppress in OPAC No
Holdings
Withdrawn status Lost status Source of classification or shelving scheme Damaged status Not for loan Home library Current library Date acquired Source of acquisition Cost, normal purchase price Inventory number Total Checkouts Full call number Barcode Date last seen Price effective from Koha item type
    Colon Classification (CC)     Central Library Central Library 2025-04-25 Excel Media 37.00 6401 & 2024-12-03   V5:19.M R3 CL1681690 2025-04-25 2025-04-25 Textbook
Copyright @ Delhi University Library System